Banderas Aleatorias de Países y Territorios - Estadísticas

Estadísticas generales
  • Esta prueba ha sido intentada 764 veces
  • La puntuación promedio es 38 de 50
Estadísticas de respuestas
Imagen Respuesta % Correcto
Corea del Sur
100%
Sudáfrica
100%
El Salvador
97%
Marruecos
97%
Noruega
97%
Irak
96%
Portugal
96%
Arabia Saudita
94%
Azerbaiyán
94%
Grecia
94%
Hungría
94%
Pakistán
94%
Paraguay
94%
Reino Unido
94%
Vietnam
94%
Canadá
93%
Chipre
93%
Líbano
93%
Mozambique
93%
Nicaragua
93%
Rusia
93%
San Marino
93%
Alemania
92%
Colombia
92%
Egipto
92%
Georgia
92%
Irlanda
92%
Níger
92%
Argentina
91%
Camerún
91%
China
91%
Dominica
91%
Macedonia del Norte
91%
Malasia
91%
México
91%
Turkmenistán
91%
Venezuela
91%
Bélgica
90%
Guatemala
90%
Irán
90%
Nigeria
90%
Albania
89%
Bután
89%
Costa de Marfil
89%
Eslovenia
89%
España
89%
Finlandia
89%
Francia
89%
India
89%
Nepal
89%
República Dominicana
89%
Andorra
88%
Argelia
88%
Austria
88%
Bolivia
88%
Brasil
88%
Corea del Norte
88%
Dinamarca
88%
Escocia
88%
Estados Unidos
88%
Filipinas
88%
Fiyi
88%
Groenlandia
88%
Italia
88%
Japón
88%
Kazajistán
88%
Luxemburgo
88%
Panamá
88%
Suiza
88%
Tuvalu
88%
Ucrania
88%
Uganda
88%
Uruguay
88%
Bosnia y Herzegovina
87%
Camboya
87%
Ciudad del Vaticano
87%
Costa Rica
87%
Estonia
87%
Ghana
87%
Islandia
87%
Israel
87%
República Checa
87%
Senegal
87%
Turquía
87%
Angola
86%
Ecuador
86%
Rumania
86%
Sri Lanka
86%
Cabo Verde
85%
Comoras
85%
Cuba
85%
Eslovaquia
85%
Granada
85%
Nueva Zelanda
85%
Perú
85%
Antigua y Barbuda
84%
Barbados
84%
Catar
84%
Emiratos Árabes Unidos
84%
Etiopía
84%
Haití
84%
Kirguistán
84%
Laos
84%
Letonia
84%
Mayotte
84%
Nauru
84%
Países Bajos
84%
Palestina
84%
Serbia
84%
Botsuana
83%
Croacia
83%
Kenia
83%
Lituania
83%
Micronesia
83%
Papúa Nueva Guinea
83%
Puerto Rico
83%
República Democrática del Congo
83%
Suecia
83%
Tayikistán
83%
Túnez
83%
Bielorrusia
82%
Brunéi
82%
Hong Kong
82%
Indonesia
82%
Kiribati
82%
Maldivas
82%
Montenegro
82%
Polonia
82%
Santa Lucía
82%
San Vicente y las Granadinas
82%
Afganistán
81%
Australia
81%
Guam
81%
Guinea Ecuatorial
81%
Inglaterra
81%
Singapur
81%
Tailandia
81%
Armenia
80%
Gales
80%
Gibraltar
80%
Kuwait
80%
Libia
80%
Myanmar/Birmania
80%
Seychelles
80%
Honduras
79%
Kosovo
79%
Liberia
79%
Moldavia
79%
Mongolia
79%
República Centroafricana
79%
Vanuatu
79%
Chile
78%
Gabón
78%
Isla de Man
78%
República del Congo
78%
Sierra Leona
78%
Somalia
78%
Taiwán
78%
Bahamas
77%
Chad
77%
Mónaco
77%
Timor Oriental
77%
Zambia
77%
Mali
76%
Mauritania
76%
Omán
76%
San Cristóbal y Nieves
76%
Tonga
76%
Bangladés
75%
Uzbekistán
75%
Baréin
74%
Bulgaria
74%
Islas Marshall
74%
Jamaica
74%
Trinidad y Tobago
74%
Belice
73%
Guinea
73%
Lesoto
73%
Madagascar
73%
Malta
73%
Santo Tomé y Príncipe
73%
Surinam
73%
Benín
72%
Jordania
72%
Palaos
72%
Togo
72%
Zimbabue
72%
Esuatini/Suazilandia
71%
Liechtenstein
71%
Malaui
71%
Ruanda
71%
Samoa
71%
Samoa Americana
71%
Burundi
70%
Mauricio
70%
Siria
70%
Namibia
67%
Burkina Faso
65%
Chipre del Norte
65%
Gambia
65%
Irlanda del Norte
65%
Sudán del Sur
65%
Aruba
64%
Islas Salomón
64%
Sudán
64%
Anguila
63%
Guyana
62%
Isla de Navidad
61%
Islas Aland
61%
Islas Vírgenes de los Estados Unidos
61%
Tanzania
61%
Yibuti
60%
Islas Feroe
59%
Yemen
59%
Nueva Caledonia
58%
Islas Vírgenes Británicas
57%
Curazao
56%
Islas Cocos
55%
Eritrea
54%
Polinesia Francesa
54%
Islas Cook
53%
Somalilandia
53%
Transnistria
53%
Bailía de Jersey
51%
Bermudas
50%
Guinea-Bisáu
50%
Islas Caimán
50%
Islas Malvinas
50%
Macao
50%
Reunión
49%
San Pedro y Miquelón
48%
Montserrat
47%
Niue
47%
Sáhara Occidental
47%
Islas Turcas y Caicos
46%
Wallis y Futuna
45%
Bonaire
44%
Islas Pitcairn
43%
Tokelau
43%
Islas Marianas del Norte
42%
Guadalupe
41%
Bailía de Guernsey
38%
Islas Georgias del Sur y Sandwich del Sur
37%
Osetia del Sur
35%
Martinica
34%
Abjasia
33%
Tierras Australes y Antárticas Francesas
29%
San Bartolomé
26%
Santa Elena
26%
Isla de Saba
24%
San Martín
24%
Isla Ascensión
21%
Tristán de Acuña
13%
No se encontraron pruebas coincidentes
Distribución de puntuación
Porcentaje de gente con cada puntuación
Porcentaje por número respondido
Historial de tus puntuaciones
No has intentado esta prueba.